أبو عبيدة بن الجراح : (رقم التسجيلة. 31798)

تفاصيل مارك
000 -LEADER
fixed length control field 00597nam a22001937a 4500
005 - DATE AND TIME OF LATEST TRANSACTION
control field 20251108165815.0
008 - FIXED-LENGTH DATA ELEMENTS--GENERAL INFORMATION
fixed length control field 250721s1997 xx 000 0 ara d
082 14 - DEWEY DECIMAL CLASSIFICATION NUMBER
Classification number ط/219.9/فيا
100 1# - MAIN ENTRY--PERSONAL NAME
Personal name فياض، سليمان
245 10 - TITLE STATEMENT
Title أبو عبيدة بن الجراح :
Remainder of title بطل حمص /
264 1# - PRODUCTION, PUBLICATION, DISTRIBUTION, MANUFACTURE, AND COPYRIGHT NOTICE
Place of production, publication, distribution, manufacture القاهرة :
Name of producer, publisher, distributor, manufacturer مركز الأهرام،
Date of production, publication, distribution, manufacture, or copyright notice 1997.
300 ## - PHYSICAL DESCRIPTION
Extent 55ص
490 0# - SERIES STATEMENT
Series statement أبطال العرب ؛3
650 17 - SUBJECT ADDED ENTRY--TOPICAL TERM
Topical term or geographic name as entry element السيرة النبوية
650 17 - SUBJECT ADDED ENTRY--TOPICAL TERM
Topical term or geographic name as entry element الصحابة
653 ## - INDEX TERM--UNCONTROLLED
Uncontrolled term مرحلة ناشؤون صغار (10-14) سنة
942 ## - ADDED ENTRY ELEMENTS (KOHA)
Source of classification or shelving scheme Dewey Decimal Classification
Koha item type كتب
المقتنيات
حالة السحب حالة الفقدان مصدر التصنيف حالة التلف غير قابل للإعارة المكتبة الرئيسية المكتبة الحالية موقع الرف تاريخ التزويد الرقم المتسلسل Total Checkouts رقم الإستدعاء الباركود تاريخ آخر ظهور تاريخ الفاتورة نوع المادة (كوها)
    Dewey Decimal Classification Unchecked   مكتبة البشائر للأطفال مكتبة البشائر للأطفال الإعارة 28/07/2025 387400   ط/219.9/فيا   28/07/2025 28/07/2025 كتب
    Dewey Decimal Classification     مكتبة أم قصير والمقابلين العامة مكتبة أم قصير والمقابلين العامة الأطفال 06/07/2004 387418   ط/219.9/فيا 387418 28/07/2025 06/07/2004 كتب
    Dewey Decimal Classification     مكتبة الأميرة سلمى مكتبة الأميرة سلمى الإعارة 24/06/2015 1461659   ط/219.9/فيا PLD00333762 28/07/2025 24/06/2015 كتب
    Dewey Decimal Classification Unchecked   مكتبة الاميرة بديعة مكتبة الاميرة بديعة الأطفال 06/07/2004 387411   ط/219.9/فيا   28/07/2025 06/07/2004 كتب
    Dewey Decimal Classification     مكتبة الجويدة مكتبة الجويدة الأطفال 06/07/2004 387410   ط/219.9/فيا 387410 28/07/2025 06/07/2004 كتب
    Dewey Decimal Classification Unchecked   مكتبة الحسن العامة مكتبة الحسن العامة الأطفال 06/07/2004 387414   ط/219.9/فيا   28/07/2025 06/07/2004 كتب
    Dewey Decimal Classification     مكتبة النصر العامة مكتبة النصر العامة الأطفال 06/07/2004 387415   ط/219.9/فيا 387415 28/07/2025 06/07/2004 كتب
    Dewey Decimal Classification Unchecked   مكتبة حمزة العامة مكتبة حمزة العامة الأطفال 06/07/2004 387412   ط/219.9/فيا   28/07/2025 06/07/2004 كتب
    Dewey Decimal Classification     مكتبة صويلح العامة مكتبة صويلح العامة الأطفال 06/07/2004 387416   ط/219.9/فيا 387416 28/07/2025 06/07/2004 كتب
    Dewey Decimal Classification     مكتبة وادي السير العامة مكتبة وادي السير العامة الأطفال 06/07/2004 387408   ط/219.9/فيا 387408 28/07/2025 06/07/2004 كتب
Implemented & Customized by: BBB with SCIT (Smart Chains for Information Technology)

Powered by Koha